LDR 00476naa#a2200145#i#450# 001 EN\INFRA-M\bibl\14608 005 20260426092617.7 100 ## _a20250114b2025####ek#y0engy0150####ca 102 ## _aRU 200 1# _aFORMATION OF A DIGITAL MODEL FOR SERVICING USERS WITH RAILWAY TRANSPORT SERVICES _eConference article/thesis 210 1# _aMoscow _cINFRA-M Academic Publishing LLC. _d2025 215 ## _a5 с. 608 ## _aConference article/thesis _2local 700 #1 _aLunina _gT. A. 856 4# _anaukaru.ru _u